Η διαδικασία διαδοχής στις οικογενειακές επιχειρήσεις : δεν υπάρχει επιτυχία χωρίς μια καλή διαδοχή

Αποθηκεύτηκε σε:
Λεπτομέρειες βιβλιογραφικής εγγραφής
Κύριος συγγραφέας: Κεφαλάς, Αστέριος Γ.
Άλλοι συγγραφείς: Γεωργίου, Χρήστος Ε.
Μορφή: Βιβλίο
Γλώσσα:Greek
Δημοσίευση: Αθήνα : Κέρκυρα : economia, c2013.
Θέματα:
Ετικέτες: Προσθήκη ετικέτας
Δεν υπάρχουν, Καταχωρήστε ετικέτα πρώτοι!

MARC

LEADER 00000nam a2200000 i 4500
001 1/46188
008 140414s2013 gr |||||||||| ||gre||
020 |a 9789609490238  
035 |l 10117435 
040 |a GR-MY-UA  |b gre  |e aacr 
041 0 |a gre 
082 0 |a 658.022   |2 (23)  
100 1 |a Κεφαλάς, Αστέριος Γ. 
245 1 2 |a Η διαδικασία διαδοχής στις οικογενειακές επιχειρήσεις :   |b δεν υπάρχει επιτυχία χωρίς μια καλή διαδοχή /   |c Αστέριος Γ. Κεφαλάς, Χρήστος Ε. Γεωργίου  
260 |a Αθήνα :   |b Κέρκυρα :   |b economia,   |c c2013.  
300 |a 223 σ.:   |b πίν.;   |c 23 εκ. 
504 |a Βιβλιογραφία: σ. 216-218. Ευρετήριο.  
650 0 0 |a Family-owned business enterprises  |x Succession. 
650 0 0 |a Family-owned business enterprises  |x Law and legislation. 
700 1 |a Γεωργίου, Χρήστος Ε. 
852 |a INST  |b LEMNOS  |e 20140414  |h 658.022 ΚΕΦ  |p 005600001037  |q 005600001037  |t BK  |y 0 
852 |a INST  |b LEMNOS  |e 20160726  |h 658.022 ΚΕΦ  |p 005600001809  |q 005600001809  |t BK  |y 0 
901 |a BIBL6-2014-1 
909 |a Μ  |b 161267 
920 |a ΚΕΡΚΥΡΑ  |b ECONOMIA PUBLISHING  |y Λήμνος  |z 2013-4 
920 |a Κέρκυρα  |b Economia publishing  |y Λήμνος  |z 2016-07 
922 |a 6ΕΛΗ 
970 |a ΜΟΣΧΟΒΗ  |b ΕΥΑΓΓΕΛΙΑ  |z 2014/04/14